00331nam a2200121Ia 4500008004100000041000800041082001200049100001800061245003300079260003600112300002000148520004100168240719s9999 xx 000 0 und d aeng a823 MEN aMenon, Ramesh aSiva: The Siva Purana Retold aNew DelhibRupa & Companyc2010 a324;. P. 23. Cm aGifted By : IMT Faculty Dr.Pawan sir